书目信息 |
| 题名: |
植物电子显微镜技术
|
|
| 作者: | 朱尼珀, 著 ;北京植物研究所光合组结构小组 译 | |
| 分册: | ||
| 出版信息: | 北京 科学出版社 1977 |
|
| 页数: | 91页 | |
| 开本: | 19cm | |
| 丛书名: | ||
| 单 册: | ||
| 中图分类: | TN16 , Q94-337 | |
| 科图分类: | ||
| 主题词: | 植物--电子显微镜分析 | |
| 电子资源: | ||
| ISBN: | 13031.579 | |
| 000 | 00832nam0 2200253 450 | |
| 001 | 0177001617 | |
| 005 | 20100713171355.0 | |
| 010 | @a13031.579@dCNY0.34 | |
| 091 | @a13031.579@dCNY0.34 | |
| 100 | @a20080403d1977 em y0chiy0121 ea | |
| 101 | 1 | @achi@ceng |
| 102 | @aCN@b110000 | |
| 105 | @aa z 000yy | |
| 106 | @ar | |
| 200 | 1 | @a植物电子显微镜技术@9Zhi Wu Dian Zi Xian Wei Jing Ji Shu;Zhu @f(英) B.E. 朱尼珀等著@g北京植物研究所光合组结构小组译 |
| 210 | @a北京@c科学出版社@d1977 | |
| 215 | @a91页@c图@d19cm | |
| 606 | 0 | @a植物@x电子显微镜分析 |
| 690 | @aTN16@v3 | |
| 690 | @aQ94-337@v3 | |
| 701 | 1 | @a朱尼珀,@9zhu ni po@g(Juniper, B. E.)@4著 |
| 712 | 02 | @a北京植物研究所光合组结构小组@9bei jing zhi wu yan jiu suo guang he zu jie gou xiao zu@4译 |
| 801 | 0 | @aCN@b91MARC@c20130904 |
| 905 | @aBZT@dTN16@e13@f2@sTN16/13 | |
| 植物电子显微镜技术/(英) B.E. 朱尼珀等著/北京植物研究所光合组结构小组译.-北京:科学出版社,1977 |
| 91页:图;19cm |
| ISBN 13031.579:CNY0.34 |
| ● |
| 相关链接 |
|
|
|
正题名:植物电子显微镜技术
索取号:TN16/13
 
预约/预借
| 序号 | 登录号 | 条形码 | 馆藏地/架位号 | 状态 | 备注 |
| 1 | 2000116014 | 2000116014 | 旧书回溯/ [索取号:TN16/13] | 在馆 | |
| 2 | 2000139527 | 2000139527 | 旧书回溯/ [索取号:TN16/13] | 在馆 |